{"text_format":"3","workbook":"xlsx","n_sheets":1,"sheets":["Sheet7"],"read":"whole","date_system":"1900"}

{"sheet":"Sheet7","index":0,"n_rows":44,"n_cols":10,"rows_kept":44,"merged":[[0,0,0,9],[39,0,39,4],[39,5,39,6],[39,7,39,9],[40,0,40,9],[41,5,41,9],[42,5,42,9],[43,5,43,9]]}
["2023年“P”项目苗木补植采购报价表（1）"]
["序号","植物名称","规 格(cm)","单位","数量","全费用单价限价（元）","限价合计（元）","供应商所报单价（元）","合价（元）","备注"]
[1,"黄桷兰","胸径：8cm，高度：200cm、冠幅150cm、袋苗，树冠饱满，树形优美","株",10,800,{"$f":"F3*E3","v":8000}]
[2,"红叶李","胸径：8cm，高度：500cm、冠幅250cm、全树冠，冠幅饱满，树形优美，苗圃二年生熟货","株",17,240,{"$f":"F4*E4","v":4080}]
[3,"红叶李","胸径：12cm，高度：600cm、冠幅300cm、全树冠，冠幅饱满，树形优美，苗圃二年生熟货","株",15,450,{"$f":"F5*E5","v":6750}]
[4,"染井吉野樱","地径：12cm，高度：500cm、冠幅300cm、全树冠，冠幅饱满，树形优美，苗圃二年生熟货","株",9,1200,{"$f":"F6*E6","v":10800}]
[5,"染井吉野樱","地径：15cm，高度：600cm、冠幅350cm、全树冠，冠幅饱满，树形优美，苗圃二年生熟货","株",6,1800,{"$f":"F7*E7","v":10800}]
[6,"碧桃","地径：10cm，高度：200cm、冠幅150cm、全树冠，冠幅饱满，树形优美，苗圃二年生熟货","株",40,500,20000]
[7,"元宝枫","胸径：12cm，高度：400cm、冠幅300cm、全树冠，冠幅饱满，树形优美，苗圃二年生熟货","株",2,1400,2800]
[8,"元宝枫","胸径：15cm，高度：500cm、冠幅350cm、全树冠，冠幅饱满，树形优美，苗圃二年生熟货","株",3,2400,7200]
[9,"鸡爪槭","地径：8cm，高度：200cm、冠幅200cm、全树冠，冠幅饱满，树形优美，苗圃二年生熟货","株",3,430,1290]
[10,"红枫","地径：8cm，高度：200cm、冠幅150cm、全树冠，冠幅饱满，树形优美，苗圃二年生熟货","株",8,500,4000]
[11,"红枫","地径：12cm，高度：300cm、冠幅200cm、全树冠，冠幅饱满，树形优美，苗圃二年生熟货","株",2,1800,3600]
[12,"河津樱","胸径：8cm，高度：300cm、冠幅250cm、全树冠，冠幅饱满，树形优美，苗圃二年生熟货","株",41,410,16810]
[13,"银杏","胸径：20cm，高度：900cm、冠幅400cm、全树冠，冠幅饱满，树形优美，苗圃二年生熟货","株",2,1500,{"$f":"F15*E15","v":3000}]
[14,"银杏","胸径：30cm，高度：1200cm、冠幅500cm、全树冠，冠幅饱满，树形优美，苗圃二年生熟货","株",2,4200,8400]
[15,"银杏","胸径：35cm，高度：1300cm、冠幅600cm、全树冠，冠幅饱满，树形优美，苗圃二年生熟货","株",3,5500,16500]
[16,"黄菖蒲","高度：40cm、冠幅30cm、杯苗","株",2000,1.2,2400]
[17,"五色梅","高度：50cm、冠幅40cm、杯苗","株",4000,1.5,6000]
[18,"柳叶马鞭草","高度：40cm、冠幅20cm、杯苗","株",16000,1.3,20800]
[19,"墨西哥鼠尾草","高度：40cm、冠幅30cm、杯苗","株",4000,1.2,4800]
[20,"粉黛乱子草","高度：40cm、冠幅30cm、杯苗","株",3500,1.3,4550]
[21,"小兔子狼尾草","高度：40cm、冠幅30cm、杯苗","株",4700,1.2,5640]
[22,"野牡丹","高度：40cm、冠幅20cm、杯苗","株",4500,1.6,7200]
[23,"红叶石楠","高度：60cm、冠幅30cm、杯苗","株",300,2,600]
[24,"紫娇花","高度：30cm、冠幅15cm、杯苗","株",2000,1.5,3000]
[25,"麦冬","高度：15cm、冠幅15cm、细叶麦冬","斤",1000,1.6,1600]
[26,"冷水花","高度：30cm、冠幅20cm、杯苗","株",500,1,500]
[27,"百子莲","高度：40cm、冠幅30cm、杯苗","株",1000,1.4,1400]
[28,"蓝雪花","高度：40cm、冠幅20cm、杯苗","株",200,1.8,360]
[29,"狐尾天门冬","高度：30cm、冠幅30cm、杯苗","株",50,17,{"$f":"F31*E31","v":850}]
[30,"大花金鸡菊","高度：30cm、冠幅20cm、杯苗","株",300,0.9,{"$f":"F32*E32","v":270}]
[31,"桂花","胸径：12cm，高度：350cm、冠幅300cm、全树冠，树形饱满，优美，银桂，苗圃二年生熟货","株",9,850,{"$f":"F33*E33","v":7650}]
[32,"桂花","胸径：15cm，高度：400cm、冠幅350cm、全树冠，树形饱满，优美，银桂，苗圃二年生熟货","株",10,1300,{"$f":"F34*E34","v":13000}]
[33,"迷迭香","高度：20cm、冠幅20cm、杯苗","株",1000,2,{"$f":"F35*E35","v":2000}]
[34,"南天竹","高度：120cm、冠幅40cm、袋苗，每丛5主杆以上","丛",20,15,{"$f":"F36*E36","v":300}]
[35,"春鹃","高度：60cm、冠幅30cm、杯苗","株",800,5,{"$f":"F37*E37","v":4000}]
[36,"双色茉莉","高度：50cm、冠幅30cm、杯苗","株",500,1.8,{"$f":"F38*E38","v":900}]
[37,"山桃草","高度：40cm、冠幅20cm、杯苗","株",500,1.1,{"$f":"F39*E39","v":550}]
["合  计（备注开票税率）",{"$nulls":4},212400]
["备注：1.苗木价格均为含税到场（指定地点）综合包干价，含买价、上车费、运费、运输损耗、换车型造成的二次转运费、利润、各种风险费用、税金等全部费用；\n 2.要求开具的发票为一般纳税人增值税专票（9%税率）或小规模纳税人增值税专用发票（3%税率）或农产品专用发票（免税的增值税普票）； "]
[{"$nulls":5},"  报价单位（公章）："]
[{"$nulls":5},"  法人或委托代理人及电话："]
[{"$nulls":5},"  时间：      年    月    日"]